书目信息 |
| 题名: |
音乐基础知识
|
|
| 作者: | 戴嘉枋 主编 ;中央音乐学院 编 | |
| 分册: | 上册 音乐常识分册 | |
| 出版信息: | 北京 人民音乐出版社 2021.04 |
|
| 页数: | 54页 | |
| 开本: | 31cm | |
| 丛书名: | ||
| 单 册: | ||
| 中图分类: | J6 , J613 | |
| 科图分类: | ||
| 主题词: | 音乐--yin yue--等级考试--教材 , 基本乐理--ji ben yue li--等级考试--教材 | |
| 电子资源: | ||
| ISBN: | 978-7-103-05985-2 | |
| 000 | 01087nam 2200301 450 | |
| 001 | CAL 0120217185794 | |
| 005 | 20230303120802.03 | |
| 010 | @a978-7-103-05985-2@dCNY46.00 | |
| 100 | @a20210601d2021 em y0chiy0120 ea | |
| 101 | 0 | @achi |
| 102 | @aCN@b110000 | |
| 105 | @aag z 000yy | |
| 106 | @ar | |
| 200 | 1 | @a音乐基础知识@Ayin yue ji chu zhi shi@h上册@i音乐常识分册@i高级@e音乐版@f中央音乐学院编@g戴嘉枋主编 |
| 210 | @a北京@c人民音乐出版社@d2021.04 | |
| 215 | @a54页@c彩图, 乐谱@d31cm | |
| 300 | @a全国音乐素养等级考试 | |
| 330 | @a本书主要内容包括: 从作曲角度进行音乐监赏、从音乐表演角度进行鉴赏、中国音乐历史简述 (一) 、中国音乐历史简述 (二) 、中国音乐历史简述 (三) 等。 | |
| 517 | 1 | @a音乐常识分册@Ayin yue chang shi fen ce |
| 517 | 1 | @a高级@Agao ji |
| 606 | 0 | @a音乐@Ayin yue@x等级考试@j教材 |
| 606 | 0 | @a基本乐理@Aji ben yue li@x等级考试@j教材 |
| 690 | @aJ6@v5 | |
| 690 | @aJ613@v5 | |
| 701 | 0 | @a戴嘉枋@Adai jia fang@4主编 |
| 712 | 02 | @a中央音乐学院@Azhong yang yin yue xue yuan@4编 |
| 801 | 0 | @aCN@bBJXHZP@c20230228 |
| 905 | @b1385721-4@dJ6@e1484:1@f4 | |
| 音乐基础知识.上册.音乐常识分册.高级:音乐版/中央音乐学院编/戴嘉枋主编.-北京:人民音乐出版社,2021.04 |
| 54页:彩图, 乐谱;31cm |
| 全国音乐素养等级考试 |
| ISBN 978-7-103-05985-2:CNY46.00 |
| 本书主要内容包括: 从作曲角度进行音乐监赏、从音乐表演角度进行鉴赏、中国音乐历史简述 (一) 、中国音乐历史简述 (二) 、中国音乐历史简述 (三) 等。 |
| ● |
| 相关链接 |
|
|
|
|
正题名:音乐基础知识
索取号:J6/1484:1
 
预约/预借
| 序号 | 登录号 | 条形码 | 馆藏地/架位号 | 状态 | 备注 |
| 1 | 1385721 | 213857218 | 第一样本阅览室/ [索取号:J6/1484:1] | 在馆 | |
| 2 | 1385722 | 213857227 | 第一借阅区/ [索取号:J6/1484:1] | 在馆 | |
| 3 | 1385723 | 213857236 | 第一借阅区/ [索取号:J6/1484:1] | 在馆 | |
| 4 | 1385724 | 213857245 | 第一借阅区/ [索取号:J6/1484:1] | 在馆 |